[Event "XIV Weekend A"]
[Site "Porto Sant'Elpidio ITA"]
[Date "2011.11.19"]
[Round "1"]
[White "Allegranti, Luca"]
[Black "Guglielmi, Dante"]
[Result "0-1"]
[WhiteElo "1999"]
[BlackElo "1856"]
[PlyCount "130"]
[EventDate "2011.11.19"]

1. d4 d5 2. Nf3 Nf6 3. e3 Bf5 4. c4 e6 5. Qb3 b6 6. Nc3 Be7 7. Ne5 O-O 8. Be2
Ne4 9. cxd5 Nxc3 10. bxc3 exd5 11. c4 Be6 12. O-O c5 13. Bf3 dxc4 14. Nxc4 Bd5
15. e4 Bxc4 16. Qxc4 Nc6 17. d5 Ne5 18. Qe2 Bf6 19. Rb1 Re8 20. Bf4 Nxf3+ 21.
gxf3 Be5 22. Bxe5 Rxe5 23. f4 Re8 24. Rfd1 Qf6 25. Qe3 Qg6+ 26. Qg3 Qxg3+ 27.
hxg3 Rxe4 28. Kg2 Rd8 29. Kf3 f5 30. Rb3 Rd4 31. Rxd4 cxd4 32. Rb5 Rd6 33. Ke2
a6 34. Rb4 Rxd5 35. Rxb6 Ra5 36. Rb2 Ra3 37. Rd2 Ra4 38. Rb2 Kf7 39. Kd3 Ke6
40. a3 Kd5 41. Rb3 Rc4 42. Rb7 Rc3+ 43. Ke2 Rxa3 44. Rxg7 d3+ 45. Ke3 a5 46.
Rf7 Kc4 47. Rc7+ Kd5 48. Rxh7 a4 49. Rf7 Kc4 50. Rxf5 Ra2 51. Rf8 Re2+ 52. Kf3
a3 53. f5 a2 54. Ra8 Rb2 55. f6 d2 56. Ke2 d1=Q+ 57. Kxd1 Rb1+ 58. Ke2 a1=Q 59.
Rxa1 Rxa1 60. g4 Kd5 61. g5 Ke5 62. f4+ Kf5 63. Ke3 Ra4 64. f7 Ra8 65. Kd4 Rf8
0-1

[Event "XIV Weekend A"]
[Site "Porto Sant'Elpidio ITA"]
[Date "2011.11.19"]
[Round "1"]
[White "Balzano, Filli"]
[Black "Sagripanti, Michele"]
[Result "1-0"]
[WhiteElo "1840"]
[BlackElo "1987"]
[PlyCount "153"]
[EventDate "2011.11.19"]

1. e4 g6 2. d4 Bg7 3. Nf3 c5 4. c3 cxd4 5. cxd4 Nc6 6. Nc3 d6 7. h3 Nf6 8. Bb5
O-O 9. O-O Qb6 10. Re1 a6 11. Ba4 Nd7 12. Nd5 Qd8 13. Bg5 b5 14. Rc1 h6 15.
Rxc6 hxg5 16. Bb3 Bb7 17. Rc2 e6 18. Nc3 Rc8 19. Qd2 b4 20. Nb1 Qb6 21. Rxc8
Bxc8 22. Rd1 Qb5 23. Qxg5 Qxg5 24. Nxg5 Nb6 25. Nf3 a5 26. Rc1 Bb7 27. Nbd2 Rc8
28. Rxc8+ Nxc8 29. Kf1 Nb6 30. Bc2 Ba6+ 31. Ke1 Bb5 32. b3 d5 33. e5 Bh6 34.
Kd1 Na8 35. Ne1 Bf8 36. Bd3 Bc6 37. Nef3 Nc7 38. Kc2 Bh6 39. g4 Bf8 40. Nh2 Bh6
41. Nhf3 Bf8 42. Nb1 Bh6 43. a4 Bf8 44. Nbd2 Bh6 45. g5 Bf8 46. Nh2 Be7 47.
Ndf3 Bb7 48. Ng4 Bc6 49. Be2 Bd8 50. Nf6+ Kf8 51. Ne1 Ne8 52. Nxe8 Bxe8 53. h4
Bc6 54. Nd3 Be7 55. Nc5 Ke8 56. Ba6 Kd8 57. Be2 Kc7 58. Kd3 Kb6 59. h5 gxh5 60.
Bxh5 Be8 61. Nxe6 Kc6 62. Ng7 Bd7 63. Bxf7 Bxg5 64. e6 Bc8 65. Nh5 Kd6 66. f4
Bh6 67. f5 Ba6+ 68. Kc2 Bb7 69. f6 Bg5 70. e7 Bc6 71. e8=Q Bxe8 72. Bxe8 Bh6
73. f7 Ke6 74. Kd3 Kf5 75. Ng3+ Kf4 76. Ne2+ Kf3 77. Bc6 1-0

[Event "XIV Weekend A"]
[Site "Porto Sant'Elpidio ITA"]
[Date "2011.11.19"]
[Round "1"]
[White "Borgiani, Flavio"]
[Black "Briffault, Philippe"]
[Result "1-0"]
[WhiteElo "2162"]
[BlackElo "1962"]
[PlyCount "85"]
[EventDate "2011.11.19"]

1. e4 Nf6 2. e5 Nd5 3. d4 d6 4. Bc4 Nb6 5. Bb3 dxe5 6. Qh5 e6 7. dxe5 Nc6 8.
Nf3 h6 9. O-O g6 10. Qg4 Bg7 11. Re1 Nd7 12. Bxe6 fxe6 13. Qxg6+ Kf8 14. Nc3
Ndxe5 15. Nxe5 Nxe5 16. Rxe5 Bxe5 17. Bxh6+ Rxh6 18. Qxh6+ Bg7 19. Qh5 Qe7 20.
Rd1 Bd7 21. Qf3+ Kg8 22. Qxb7 Rc8 23. Ne4 Qe8 24. Qb3 Rb8 25. Qg3 Kf8 26. Rd3
Rb5 27. c4 Re5 28. Rf3+ Rf5 29. Qxc7 Be5 30. Qxe5 Rxf3 31. Qh8+ Ke7 32. Qxe8+
Bxe8 33. gxf3 e5 34. Kg2 Ke6 35. Kg3 Bg6 36. Kg4 Bf5+ 37. Kh5 Ke7 38. h4 Be6
39. b3 Bh3 40. Kg6 Be6 41. Ng5 Bg8 42. Kf5 Kd6 43. Ne4+ 1-0

[Event "XIV Weekend A"]
[Site "Porto Sant'Elpidio ITA"]
[Date "2011.11.19"]
[Round "1"]
[White "Cetera, Nicola"]
[Black "Rinaudo, Sergio"]
[Result "0-1"]
[WhiteElo "1958"]
[BlackElo "2141"]
[PlyCount "76"]
[EventDate "2011.11.19"]

1. d4 d5 2. Bf4 Nf6 3. e3 c5 4. dxc5 Qa5+ 5. Nc3 Qxc5 6. Bxb8 Rxb8 7. Bb5+ Kd8
8. Nf3 Bg4 9. Be2 e6 10. O-O Bd6 11. Nb5 Bxf3 12. gxf3 Ke7 13. Nxd6 Qxd6 14.
Qd4 Rhc8 15. Bd3 Qc5 16. Qh4 Qb6 17. Rab1 Qc6 18. Kh1 e5 19. Rg1 e4 20. Be2
Qxc2 21. Rge1 Kf8 22. fxe4 Qxe4+ 23. Qxe4 Nxe4 24. Kg2 Rc2 25. h4 Rbc8 26. a3
Nd2 27. Bd3 Nxb1 28. Bxc2 Rxc2 29. Rxb1 Ke7 30. Kg3 Kd6 31. f3 Ke5 32. b3 Rc3
33. Kf2 h5 34. a4 Rc2+ 35. Ke1 Rh2 36. Rc1 Rh1+ 37. Kd2 Rxc1 38. Kxc1 g5 0-1

[Event "XIV Weekend A"]
[Site "Porto Sant'Elpidio ITA"]
[Date "2011.11.19"]
[Round "1"]
[White "Giobbi, Costantino"]
[Black "Marsili, Riccardo"]
[Result "1/2-1/2"]
[WhiteElo "1882"]
[BlackElo "2052"]
[PlyCount "134"]
[EventDate "2011.11.19"]

1. b3 Nf6 2. Bb2 g6 3. Nf3 Bg7 4. e3 O-O 5. d4 c5 6. Be2 d6 7. O-O cxd4 8. exd4
b6 9. Nbd2 Bb7 10. Re1 Nbd7 11. Bd3 Re8 12. a4 a6 13. Nc4 Qc7 14. Qd2 Rac8 15.
Ng5 h6 16. Nh3 e5 17. Ba3 Re6 18. f4 e4 19. Bf1 Nd5 20. Rac1 f5 21. Ne3 Nxe3
22. Rxe3 Nf6 23. c4 Ng4 24. Nf2 Nxe3 25. Qxe3 Qd7 26. d5 Ree8 27. g4 Qe7 28.
Bh3 Rf8 29. Kh1 Qf6 30. gxf5 gxf5 31. Rg1 Rb8 32. Nd1 Qe7 33. Bb2 Rf7 34. Bxf5
Kh8 35. Be6 Bxb2 36. Bxf7 Qxf7 37. Nxb2 Re8 38. f5 Kh7 39. Rg6 Qf8 40. Re6 Bc8
41. Qxe4 Bxe6 42. fxe6+ Kg7 43. Qg4+ Kh7 44. Qe4+ Kh8 45. Qd4+ Qg7 46. Qxg7+
Kxg7 47. Kg2 Kf6 48. Kf3 Rg8 49. Nd3 Rg1 50. b4 Ra1 51. c5 bxc5 52. bxc5 Ra3
53. Ke2 dxc5 54. Nxc5 Ke7 55. Kd2 a5 56. Nb7 Rxa4 57. d6+ Kxe6 58. Nc5+ Kxd6
59. Nxa4 Ke5 60. Ke3 Kf5 61. Kf3 Kg5 62. Kg3 h5 63. h4+ Kf5 64. Kf3 Ke5 65. Nb6
Kf5 66. Na4 Ke5 67. Nc3 Kf5 1/2-1/2

[Event "XIV Weekend A"]
[Site "Porto Sant'Elpidio ITA"]
[Date "2011.11.19"]
[Round "1"]
[White "Iori, Massimiliano"]
[Black "Foglia, Maurizio"]
[Result "1/2-1/2"]
[WhiteElo "1981"]
[BlackElo "2163"]
[PlyCount "70"]
[EventDate "2011.11.19"]

1. d4 Nf6 2. c4 g6 3. Nc3 d5 4. e3 Bg7 5. Nf3 O-O 6. Be2 dxc4 7. Bxc4 c5 8. O-O
cxd4 9. Nxd4 a6 10. a4 Qc7 11. Qe2 e5 12. Nb3 Bg4 13. f3 Bf5 14. e4 Rc8 15. Bd5
Be6 16. Bxe6 Qb6+ 17. Be3 Qxe6 18. Nc5 Qe7 19. Nb3 Qb4 20. Nc1 Nc6 21. Nd3 Qa5
22. Qf2 Nb4 23. Bb6 Nxd3 24. Bxa5 Nxf2 25. Rxf2 Bh6 26. Re2 Rc6 27. Rd1 Bf8 28.
Nd5 Bc5+ 29. Kf1 Kg7 30. Nxf6 Rxf6 31. Bc3 Re6 32. Rd5 Bd4 33. Bxd4 exd4 34.
Rxd4 Rc8 35. a5 Rc1+ 1/2-1/2

[Event "XIV Weekend A"]
[Site "Porto Sant'Elpidio ITA"]
[Date "2011.11.19"]
[Round "1"]
[White "Pierantozzi, Stanislao"]
[Black "Mircoli, Filippo"]
[Result "1-0"]
[WhiteElo "1986"]
[BlackElo "1735"]
[PlyCount "25"]
[EventDate "2011.11.19"]

1. d4 e6 2. Nf3 Nf6 3. c4 d5 4. Nc3 Bb4 5. Qc2 O-O 6. e3 c5 7. a3 Qa5 8. Bd2
Nc6 9. Rc1 cxd4 10. axb4 Nxb4 11. Qa4 Qxa4 12. Nxa4 d3 13. Bxb4 1-0

[Event "XIV Weekend A"]
[Site "Porto Sant'Elpidio ITA"]
[Date "2011.11.19"]
[Round "1"]
[White "Ricci, Alessio"]
[Black "Di Lascio, Savino"]
[Result "0-1"]
[WhiteElo "1865"]
[BlackElo "2015"]
[PlyCount "78"]
[EventDate "2011.11.19"]

1. d4 Nf6 2. Nf3 e6 3. e3 b6 4. Bd3 Bb7 5. O-O c5 6. Nbd2 Be7 7. b3 O-O 8. Bb2
Na6 9. a3 Rc8 10. Qe2 Nc7 11. Rad1 Ncd5 12. c4 Nc7 13. dxc5 bxc5 14. e4 g6 15.
e5 Nh5 16. Qe3 Ne8 17. Ne4 f5 18. exf6 Nexf6 19. Ne5 Nxe4 20. Bxe4 Bg5 21. Qe1
d5 22. Nf3 Bf6 23. Ne5 Qc7 24. cxd5 exd5 25. Bxd5+ Bxd5 26. Rxd5 Rce8 27. Qc3
Nf4 28. Qxc5 Nxd5 29. Qxd5+ Kg7 30. Rc1 Qe7 31. Re1 Rd8 32. Qa5 Qb7 33. Qc3
Rfe8 34. Ba1 Rd5 35. f4 Qb6+ 36. Kf1 Bxe5 37. Rxe5 Rdxe5 38. Qc4 Qf6 39. Bxe5
Rxe5 0-1

[Event "XIV Weekend A"]
[Site "Porto Sant'Elpidio ITA"]
[Date "2011.11.19"]
[Round "1"]
[White "Rinaudo, Andrea"]
[Black "Medorini, Massimiliano"]
[Result "1-0"]
[WhiteElo "2097"]
[BlackElo "1892"]
[PlyCount "57"]
[EventDate "2011.11.19"]

1. e4 e5 2. Nf3 Nc6 3. h3 Nf6 4. Bb5 Bb4 5. O-O O-O 6. Re1 d6 7. Nc3 h6 8. Bxc6
bxc6 9. d4 d5 10. Nxe5 Nxe4 11. Nxc6 Qf6 12. Nxe4 Qxc6 13. Bd2 Bxd2 14. Nxd2
Bf5 15. c3 Rab8 16. Nb3 a5 17. Nxa5 Qg6 18. b4 Bxh3 19. Qf3 Be6 20. Nc6 Rbe8
21. a4 Qg5 22. a5 Ra8 23. a6 Kh7 24. a7 Bg4 25. Qe3 Bd7 26. Qxg5 hxg5 27. b5
Rfe8 28. Rxe8 Bxe8 29. Ne7 1-0

[Event "XIV Weekend A"]
[Site "Porto Sant'Elpidio ITA"]
[Date "2011.11.19"]
[Round "1"]
[White "Viviani, Alessio"]
[Black "Mazzarini, Daniele"]
[Result "1-0"]
[WhiteElo "2028"]
[BlackElo "1880"]
[PlyCount "61"]
[EventDate "2011.11.19"]

1. d4 d5 2. c4 c6 3. Nc3 Nf6 4. Nf3 a6 5. cxd5 cxd5 6. Bf4 e6 7. e3 Be7 8. Bd3
Nc6 9. Rc1 Bd7 10. O-O O-O 11. Ne5 Rc8 12. Nxd7 Nxd7 13. Qe2 f5 14. h3 Bg5 15.
Bd6 Be7 16. Bh2 Re8 17. g4 g6 18. gxf5 gxf5 19. Nxd5 exd5 20. Bxf5 Nf6 21. Kh1
Bd6 22. Bxc8 Qxc8 23. Rg1+ Kf7 24. Bxd6 Qxh3+ 25. Bh2 Nxd4 26. Rc7+ Kf8 27. Qf1
Qf3+ 28. Qg2 Ne4 29. Qxf3+ Nxf3 30. Rgg7 Re6 31. Rgf7+ 1-0

[Event "XIV Weekend A"]
[Site "Porto Sant'Elpidio ITA"]
[Date "2011.11.20"]
[Round "2"]
[White "Balzano, Filli"]
[Black "Viviani, Alessio"]
[Result "0-1"]
[WhiteElo "1840"]
[BlackElo "2028"]
[PlyCount "66"]
[EventDate "2011.11.19"]

1. e4 d6 2. d4 g6 3. Nf3 Nf6 4. Nc3 Bg7 5. Be2 O-O 6. O-O a6 7. a4 b6 8. h3 Bb7
9. e5 dxe5 10. dxe5 Nd5 11. Nxd5 Qxd5 12. Qxd5 Bxd5 13. Bf4 Nd7 14. Rad1 e6 15.
Rfe1 h6 16. Bg3 Nc5 17. Ra1 Rfd8 18. Red1 Bc6 19. a5 b5 20. Nd4 Bb7 21. f4 Ne4
22. Be1 g5 23. g3 Bf8 24. Kh2 Bc5 25. Nf3 gxf4 26. gxf4 Be3 27. Bg3 Kh8 28. Ra3
Rxd1 29. Bxd1 Bc1 30. Rd3 Rg8 31. Bh4 Bxf4+ 32. Kh1 Bxe5 33. Re3 Bg3 0-1

[Event "XIV Weekend A"]
[Site "Porto Sant'Elpidio ITA"]
[Date "2011.11.20"]
[Round "2"]
[White "Briffault, Philippe"]
[Black "Ricci, Alessio"]
[Result "0-1"]
[WhiteElo "1962"]
[BlackElo "1865"]
[PlyCount "74"]
[EventDate "2011.11.19"]

1. d4 Nf6 2. c4 e6 3. Nc3 Bb4 4. Nf3 Ne4 5. Qc2 f5 6. e3 b6 7. Bd3 Bb7 8. O-O
Bxc3 9. bxc3 d6 10. Nd2 Nxd2 11. Bxd2 O-O 12. f3 Nd7 13. e4 fxe4 14. fxe4 Rxf1+
15. Rxf1 e5 16. Be3 Qh4 17. c5 Nf6 18. Bf2 Qg4 19. h3 Qg6 20. Bh4 Nxe4 21. Qb3+
d5 22. dxe5 Re8 23. cxb6 axb6 24. Qa3 Qh5 25. Bxe4 Qxh4 26. Qa4 Qe7 27. Bb1
Qxe5 28. Qh4 h6 29. Qg4 Qe6 30. Qb4 c5 31. Qh4 Qe3+ 32. Kh1 Ba6 33. Rd1 Qe2 34.
Rg1 Bd3 35. Bxd3 Qxd3 36. Qa4 Re3 37. Qc6 Rxh3+ 0-1

[Event "XIV Weekend A"]
[Site "Porto Sant'Elpidio ITA"]
[Date "2011.11.20"]
[Round "2"]
[White "Di Lascio, Savino"]
[Black "Borgiani, Flavio"]
[Result "1/2-1/2"]
[WhiteElo "2015"]
[BlackElo "2162"]
[PlyCount "62"]
[EventDate "2011.11.19"]

1. Nf3 e6 2. e4 c5 3. g3 Nc6 4. Bg2 g6 5. O-O Bg7 6. Re1 Nge7 7. d3 O-O 8. Nbd2
d5 9. e5 Qc7 10. Qe2 Nd4 11. Nxd4 cxd4 12. Nf3 Nc6 13. Bf4 Bd7 14. h4 Rac8 15.
a3 Qb6 16. Rab1 Ne7 17. Nh2 f6 18. exf6 Bxf6 19. Ng4 Bg7 20. Be5 Nc6 21. Bxg7
Kxg7 22. Qd2 Qd8 23. Re2 Rf5 24. Rbe1 Kh8 25. Nh6 Rf8 26. f4 Ne7 27. Bh3 Nf5
28. Nxf5 gxf5 29. Qb4 Qb6 30. Qe7 Qd8 31. Qd6 Qc7 1/2-1/2

[Event "XIV Weekend A"]
[Site "Porto Sant'Elpidio ITA"]
[Date "2011.11.20"]
[Round "2"]
[White "Foglia, Maurizio"]
[Black "Giobbi, Costantino"]
[Result "1-0"]
[WhiteElo "2163"]
[BlackElo "1882"]
[PlyCount "63"]
[EventDate "2011.11.19"]

1. d4 d6 2. e4 e5 3. Nf3 exd4 4. Nxd4 Nf6 5. Nc3 Be7 6. Be2 O-O 7. O-O Nc6 8.
Be3 Bd7 9. f4 d5 10. e5 Nxd4 11. Bxd4 Ne4 12. Nxd5 Be6 13. Nxe7+ Qxe7 14. Bf3
f5 15. exf6 Nxf6 16. Qe2 Qf7 17. b3 Nd5 18. Be5 Rae8 19. Be4 c6 20. Qf2 Nf6 21.
Bf3 Rd8 22. Rad1 a6 23. c4 Rfe8 24. h3 Qg6 25. Bxf6 Qxf6 26. Rxd8 Rxd8 27. Re1
Rf8 28. Qe3 Bc8 29. Rf1 Qg6 30. Be4 Re8 31. Re1 Bd7 32. Bxg6 1-0

[Event "XIV Weekend A"]
[Site "Porto Sant'Elpidio ITA"]
[Date "2011.11.20"]
[Round "2"]
[White "Guglielmi, Dante"]
[Black "Rinaudo, Andrea"]
[Result "0-1"]
[WhiteElo "1856"]
[BlackElo "2097"]
[PlyCount "60"]
[EventDate "2011.11.19"]

1. c4 e5 2. Nc3 Nc6 3. g3 g6 4. Bg2 Bg7 5. e3 d6 6. Nge2 Be6 7. Nd5 Nge7 8.
Nec3 O-O 9. O-O Qd7 10. Qa4 Rfe8 11. Rb1 f5 12. d3 Kh8 13. f4 h5 14. Bd2 Ng8
15. b4 Kh7 16. e4 exf4 17. gxf4 Nh6 18. h3 Qf7 19. Qd1 Nd4 20. Kh2 c6 21. Ne3
Bf6 22. Nc2 Kg7 23. Nxd4 Bxd4 24. b5 Qf6 25. Qc2 Ng4+ 26. hxg4 Qh4+ 27. Bh3
hxg4 28. Rf3 gxf3 29. bxc6 Rh8 30. Rxb7+ Kg8 0-1

[Event "XIV Weekend A"]
[Site "Porto Sant'Elpidio ITA"]
[Date "2011.11.20"]
[Round "2"]
[White "Marsili, Riccardo"]
[Black "Iori, Massimiliano"]
[Result "1/2-1/2"]
[WhiteElo "2052"]
[BlackElo "1981"]
[PlyCount "48"]
[EventDate "2011.11.19"]

1. e4 e5 2. Nf3 Nf6 3. Nxe5 d6 4. Nf3 Nxe4 5. Nc3 Nxc3 6. dxc3 Be7 7. Bd3 O-O
8. O-O Nc6 9. h3 Bf6 10. Re1 Be6 11. Bf4 Qd7 12. Qd2 Bf5 13. Nd4 Bxd4 14. cxd4
Nxd4 15. Bxf5 Nxf5 16. c4 Rfe8 17. Qd3 Nh4 18. c5 Qc6 19. Qg3 Ng6 20. cxd6 Nxf4
21. Qxf4 cxd6 22. Rxe8+ Rxe8 23. Rc1 Qb6 24. Qe4 Qb5 1/2-1/2

[Event "XIV Weekend A"]
[Site "Porto Sant'Elpidio ITA"]
[Date "2011.11.20"]
[Round "2"]
[White "Mazzarini, Daniele"]
[Black "Allegranti, Luca"]
[Result "1-0"]
[WhiteElo "1880"]
[BlackElo "1999"]
[PlyCount "102"]
[EventDate "2011.11.19"]

1. d4 g6 2. g3 Bg7 3. Bg2 d6 4. c4 c6 5. Nc3 Qa5 6. e3 Be6 7. d5 cxd5 8. cxd5
Bd7 9. Nge2 Nf6 10. O-O O-O 11. Nf4 Na6 12. a3 Rac8 13. b4 Nxb4 14. Bb2 Na6 15.
Ne4 Nxe4 16. Bxg7 Kxg7 17. Bxe4 Qa4 18. Qb1 Nc5 19. Bc2 Qa5 20. h4 Ba4 21. Bxa4
Qxa4 22. Qb4 Rc7 23. h5 Rfc8 24. Kg2 Qc2 25. Qd4+ Kg8 26. hxg6 hxg6 27. Rh1
Qe4+ 28. Qxe4 Nxe4 29. Rh2 Rc2 30. Kf3 Nf6 31. Rah1 Kg7 32. g4 R8c3 33. g5 Ng8
34. Rh7+ Kf8 35. Ne6+ fxe6 36. dxe6 Ke8 37. Rh8 Kd8 38. Rxg8+ Kc7 39. Rxg6 Rc5
40. Rh2 Rf5+ 41. Kg3 Rcc5 42. f4 d5 43. Rh7 Kd6 44. Rf7 d4 45. exd4 Rc3+ 46.
Kg4 Rd5 47. Rgg7 Rc7 48. f5 Rxd4+ 49. Kh5 Rf4 50. f6 Kxe6 51. fxe7 Rxf7 1-0

[Event "XIV Weekend A"]
[Site "Porto Sant'Elpidio ITA"]
[Date "2011.11.20"]
[Round "2"]
[White "Medorini, Massimiliano"]
[Black "Sagripanti, Michele"]
[Result "1-0"]
[WhiteElo "1892"]
[BlackElo "1987"]
[PlyCount "75"]
[EventDate "2011.11.19"]

1. e4 e6 2. d4 d5 3. Nc3 Nf6 4. Bg5 Be7 5. e5 Nfd7 6. h4 c5 7. Bxe7 Kxe7 8. f4
Nc6 9. dxc5 Qa5 10. Qd2 Nxc5 11. Nf3 Rd8 12. Bd3 Nxd3+ 13. cxd3 Bd7 14. g4 Rf8
15. a3 a6 16. Rc1 Rac8 17. f5 d4 18. Ne4 Qxd2+ 19. Kxd2 exf5 20. gxf5 Rc7 21.
Nxd4 Kd8 22. Nxc6+ Bxc6 23. h5 Re8 24. Rhg1 Rxe5 25. Rxg7 Rxf5 26. Rxh7 Rd7 27.
Ke3 Re5 28. Kf4 Rb5 29. Nc5 Re7 30. Rc2 Kc7 31. h6 Kd6 32. Rg7 b6 33. h7 Re1
34. h8=Q Rf1+ 35. Ke3 bxc5 36. Qd8+ Ke6 37. Re2 Bf3 38. Rh2 1-0

[Event "XIV Weekend A"]
[Site "Porto Sant'Elpidio ITA"]
[Date "2011.11.20"]
[Round "2"]
[White "Mircoli, Filippo"]
[Black "Cetera, Nicola"]
[Result "1/2-1/2"]
[WhiteElo "1735"]
[BlackElo "1958"]
[PlyCount "71"]
[EventDate "2011.11.19"]

1. e4 c5 2. Nf3 e6 3. d4 cxd4 4. Nxd4 Nc6 5. Be3 Qc7 6. Nc3 a6 7. a3 Nf6 8. Be2
b5 9. O-O Bb7 10. f4 Bc5 11. e5 Ng8 12. Qd3 Qb6 13. Rad1 Nge7 14. Bf2 Nxd4 15.
Bxd4 Nf5 16. Bxc5 Qxc5+ 17. Kh1 Rd8 18. Bf3 Bxf3 19. Rxf3 O-O 20. Ne4 Qc6 21.
Rh3 h6 22. c3 f6 23. exf6 gxf6 24. Ng3 Nxg3+ 25. Rxg3+ Kf7 26. Qg6+ Ke7 27.
Qxh6 Rf7 28. f5 e5 29. Rg7 Rdf8 30. Qh7 Rxg7 31. Qxg7+ Rf7 32. Qh6 Qe4 33. Qh5
d6 34. Qg6 Qc2 35. Qg4 Qxb2 36. Qb4 1/2-1/2

[Event "XIV Weekend A"]
[Site "Porto Sant'Elpidio ITA"]
[Date "2011.11.20"]
[Round "2"]
[White "Rinaudo, Sergio"]
[Black "Pierantozzi, Stanislao"]
[Result "1-0"]
[WhiteElo "2141"]
[BlackElo "1986"]
[PlyCount "99"]
[EventDate "2011.11.19"]

1. d4 Nf6 2. Nf3 e6 3. c4 b6 4. e3 Bb7 5. Bd3 Bb4+ 6. Bd2 a5 7. O-O Ne4 8. Bxb4
axb4 9. Qc2 f5 10. Nbd2 Nxd2 11. Nxd2 Qg5 12. e4 O-O 13. d5 Na6 14. Nb3 fxe4
15. Bxe4 exd5 16. Bxh7+ Kh8 17. cxd5 Bxd5 18. Be4 Bxe4 19. Qxe4 d5 20. Qe6 Rf6
21. Qh3+ Rh6 22. Qd7 Rd8 23. Qb5 Rdd6 24. Qxa6 Rdg6 25. Qc8+ Kh7 26. g3 Qh5 27.
h3 Qe5 28. Kh2 c5 29. Rae1 Qxb2 30. Re8 Rf6 31. Rh8+ Kg6 32. Qg4+ Kf7 33. Qd7+
Kg6 34. Qe8+ Rf7 35. Rxh6+ gxh6 36. Qg8+ Rg7 37. Qxd5 Qxa2 38. Qe4+ Kf7 39.
Qf3+ Kg8 40. Re1 Qc2 41. Re2 Qg6 42. Qd5+ Qf7 43. Qd8+ Kh7 44. Nd2 Qd7 45. Qxb6
Qd3 46. Qe6 Rd7 47. Ne4 Ra7 48. Nf6+ Kg6 49. Ng4+ Kg7 50. Qf6+ 1-0

[Event "XIV Weekend A"]
[Site "Porto Sant'Elpidio ITA"]
[Date "2011.11.20"]
[Round "3"]
[White "Borgiani, Flavio"]
[Black "Foglia, Maurizio"]
[Result "1/2-1/2"]
[WhiteElo "2162"]
[BlackElo "2163"]
[PlyCount "69"]
[EventDate "2011.11.19"]

1. Nf3 Nf6 2. c4 g6 3. Nc3 Bg7 4. e4 d6 5. d4 O-O 6. g3 e5 7. d5 Nbd7 8. Bg2
Nc5 9. Qc2 a5 10. O-O Ne8 11. Be3 b6 12. a3 f5 13. b4 Nxe4 14. Nxe4 fxe4 15.
Ng5 Nf6 16. c5 Ng4 17. Nxe4 Nxe3 18. fxe3 axb4 19. axb4 Rxa1 20. Rxa1 bxc5 21.
bxc5 Bh6 22. cxd6 Bxe3+ 23. Kh1 cxd6 24. Qc6 Bg4 25. Nxd6 Bd4 26. Rf1 Rxf1+ 27.
Bxf1 Bd7 28. Qc4 Qf8 29. Ne4 Qf3+ 30. Bg2 Qd1+ 31. Qf1 Qxf1+ 32. Bxf1 Bf5 33.
Bd3 Bh3 34. Ng5 Bc8 35. Kg2 1/2-1/2

[Event "XIV Weekend A"]
[Site "Porto Sant'Elpidio ITA"]
[Date "2011.11.20"]
[Round "3"]
[White "Cetera, Nicola"]
[Black "Guglielmi, Dante"]
[Result "0-1"]
[WhiteElo "1958"]
[BlackElo "1856"]
[PlyCount "68"]
[EventDate "2011.11.19"]

1. d4 d5 2. Bf4 Nf6 3. e3 c5 4. dxc5 Qa5+ 5. Nc3 Qxc5 6. Bxb8 Rxb8 7. Bb5+ Bd7
8. Bxd7+ Kxd7 9. Nf3 e6 10. e4 Bd6 11. e5 Ng4 12. Qe2 Bc7 13. h3 Nh6 14. O-O
Nf5 15. Rad1 Ng3 16. Qd3 Nxf1 17. Rxf1 Ke7 18. Qd2 h6 19. g4 Ba5 20. g5 Bxc3
21. bxc3 Rbc8 22. gxh6 gxh6 23. Rb1 b6 24. Rb3 Qc4 25. Rb4 Rcg8+ 26. Kh2 Qf1
27. Rg4 Rxg4 28. hxg4 Rg8 29. Qd4 Qc4 30. Qxc4 dxc4 31. Kg3 f5 32. exf6+ Kxf6
33. Kf4 Rd8 34. Ne5 Rd2 0-1

[Event "XIV Weekend A"]
[Site "Porto Sant'Elpidio ITA"]
[Date "2011.11.20"]
[Round "3"]
[White "Giobbi, Costantino"]
[Black "Mircoli, Filippo"]
[Result "1/2-1/2"]
[WhiteElo "1882"]
[BlackElo "1735"]
[PlyCount "83"]
[EventDate "2011.11.19"]

1. Nf3 e6 2. d3 d5 3. Nbd2 Nf6 4. g3 c5 5. Bg2 Nc6 6. O-O Bd6 7. e4 Ne5 8. Nxe5
Bxe5 9. Nf3 Bc7 10. e5 Nd7 11. Re1 f6 12. exf6 Nxf6 13. Bg5 h6 14. Bd2 O-O 15.
Ne5 Qe8 16. b4 b6 17. bxc5 bxc5 18. d4 Bb7 19. dxc5 Bxe5 20. Rxe5 Rc8 21. Bh3
Rc6 22. Rb1 Ba6 23. Be3 Nd7 24. Rxd5 Nf6 25. Rd6 Bc4 26. Rxc6 Qxc6 27. Qd6 Qe4
28. Qd4 Bxa2 29. Qxe4 Nxe4 30. Ra1 Bd5 31. Ra6 Rc8 32. Rxe6 Rb8 33. f3 Rb1+ 34.
Kg2 Nf6 35. c6 Rb2 36. Bf5 Bxe6 37. Bxe6+ Kf8 38. Bc5+ Ke8 39. c7 Rxc2+ 40. Kh3
Rxc5 41. c8=Q+ Rxc8 42. Bxc8 1/2-1/2

[Event "XIV Weekend A"]
[Site "Porto Sant'Elpidio ITA"]
[Date "2011.11.20"]
[Round "3"]
[White "Iori, Massimiliano"]
[Black "Mazzarini, Daniele"]
[Result "0-1"]
[WhiteElo "1981"]
[BlackElo "1880"]
[PlyCount "94"]
[EventDate "2011.11.19"]

1. d4 d5 2. c4 c6 3. e3 Nf6 4. Nf3 a6 5. Nc3 Bg4 6. cxd5 Bxf3 7. Qxf3 cxd5 8.
Bd3 Nc6 9. Qd1 e6 10. O-O Bd6 11. Bd2 h5 12. g3 Qc7 13. a3 h4 14. f4 hxg3 15.
hxg3 O-O-O 16. Kg2 g5 17. Rh1 gxf4 18. Rxh8 Rxh8 19. exf4 Kb8 20. Be3 Rg8 21.
Ne2 Nh5 22. Qd2 Nxd4 23. Rc1 Nc6 24. Kf2 e5 25. Bc5 exf4 26. Bxd6 Qxd6 27. gxf4
Nd8 28. Rh1 Nf6 29. Ke1 Ne6 30. Kd1 Rg4 31. Rh8+ Ka7 32. Bf5 Rg8 33. Rxg8 Nxg8
34. Kc1 Ne7 35. Bh3 Nc6 36. Bg2 Qc5+ 37. Kb1 Nc7 38. f5 f6 39. Ka2 Qc4+ 40. b3
Qg4 41. Nf4 Qxf5 42. Nxd5 Nxd5 43. Bxd5 Qd7 44. Qe3+ Ka8 45. Bf3 Qd4 46. Qe8+
Nb8 47. Qc8 Qf2+ 0-1

[Event "XIV Weekend A"]
[Site "Porto Sant'Elpidio ITA"]
[Date "2011.11.20"]
[Round "3"]
[White "Pierantozzi, Stanislao"]
[Black "Medorini, Massimiliano"]
[Result "1-0"]
[WhiteElo "1986"]
[BlackElo "1892"]
[PlyCount "99"]
[EventDate "2011.11.19"]

1. d4 d5 2. c4 c6 3. Nf3 Nf6 4. Nc3 a6 5. cxd5 cxd5 6. Qb3 Nc6 7. Bg5 e6 8. e3
Be7 9. Bd3 O-O 10. O-O Bd7 11. Rfc1 Rc8 12. a3 h6 13. Bh4 Na5 14. Qd1 Nc4 15.
Qe2 Re8 16. h3 Na5 17. Rc2 Bc6 18. Ne5 b5 19. g4 Nc4 20. Nxc6 Rxc6 21. f4 Nxb2
22. Nxd5 Rxc2 23. Nxe7+ Qxe7 24. Bxc2 g5 25. Bf2 Qd6 26. Rb1 Nc4 27. fxg5 hxg5
28. Qf3 Nd5 29. Qe2 Nc3 30. Qd3 Nxb1 31. Qh7+ Kf8 32. Qh6+ Ke7 33. Qxg5+ Kd7
34. Bxb1 Qxa3 35. Be4 Qe7 36. Qh6 Qd8 37. Qh5 Nd6 38. Bg2 b4 39. Qc5 Qc7 40.
Qxb4 Rb8 41. Qa4+ Ke7 42. Qxa6 Rb1+ 43. Bf1 Nc4 44. Kg2 Nb6 45. Qa3+ Kf6 46.
Bd3 Qc6+ 47. e4 Rc1 48. Qf8 Qa8 49. Qh6+ Ke7 50. Qxc1 1-0

[Event "XIV Weekend A"]
[Site "Porto Sant'Elpidio ITA"]
[Date "2011.11.20"]
[Round "3"]
[White "Ricci, Alessio"]
[Black "Marsili, Riccardo"]
[Result "0-1"]
[WhiteElo "1865"]
[BlackElo "2052"]
[PlyCount "124"]
[EventDate "2011.11.19"]

1. d4 Nf6 2. Nf3 c5 3. e3 g6 4. Bd3 Bg7 5. O-O O-O 6. Nbd2 d5 7. c3 Nc6 8. Re1
Re8 9. dxc5 Nd7 10. Nb3 Nde5 11. Nxe5 Bxe5 12. Nd4 Qc7 13. f4 Bg7 14. Qf3 Rd8
15. Nb5 Qd7 16. Nd4 e5 17. fxe5 Nxe5 18. Qe2 Qc7 19. b4 b6 20. Nb5 Qc6 21. Nd4
Qc7 22. Nb5 Qd7 23. cxb6 axb6 24. Bb2 Ba6 25. a4 Rac8 26. Rad1 Re8 27. e4 dxe4
28. Bxe4 Qe7 29. Bb1 Nf3+ 30. Qxf3 Qxe1+ 31. Qf1 Qxf1+ 32. Kxf1 Bxb5+ 33. axb5
Bxc3 34. Bc1 Bxb4 35. Kf2 Bc5+ 36. Kf3 Rcd8 37. Rxd8 Rxd8 38. Be4 Kg7 39. Bc6
Rd1 40. Bf4 Rf1+ 41. Ke4 Re1+ 42. Kd5 Rd1+ 43. Ke4 f5+ 44. Kf3 Rf1+ 45. Kg3
Bf2+ 46. Kh3 Kf6 47. g3 Bd4 48. Bc7 Rf2 49. Bd8+ Ke6 50. Bc7 g5 51. g4 f4 52.
Bd8 h6 53. Bc7 Rb2 54. Bd8 Bg1 55. Bg2 Rb3+ 56. Bf3 Rxf3+ 57. Kg2 Rb3 58. Kxg1
Rxb5 59. Kf2 Rb2+ 60. Kf3 Rxh2 61. Bxb6 Rh3+ 62. Kg2 Rg3+ 0-1